Guess the City by Emoji - Statistics

General Stats
  • This quiz has been taken 143 times
    128 since last reset
  • The average score is 8 of 10
Answer Stats
Emoji City % Correct
πŸ—ΌπŸ₯πŸ₯– Paris
94%
πŸ’‚β˜•πŸš‡ London
90%
πŸ—½πŸš•πŸ™ New York
90%
πŸŽ°πŸƒπŸ’Έ Las Vegas
88%
🌸πŸ₯‹πŸ£ Tokyo
81%
πŸ€πŸ‘¨πŸ»β€πŸ¦°β˜˜οΈ Dublin
75%
πŸŒ΄πŸ–οΈπŸŠ Miami
68%
πŸ›οΈπŸΊπŸŒΏ Athens
67%
🍻πŸ₯¨πŸΊ Munich
55%
πŸ•πŸŒ‹πŸ Naples
52%
No matching quizzes found
Score Distribution
Percent of People with Each Score
Percentile by Number Answered
Your Score History
You have not taken this quiz since the last reset